Timothee Chalamet Movies! - Statistics

General Stats
  • This quiz has been taken 619 times
    29 since last reset
  • The average score is 12 of 28
Answer Stats
Year Movie % Correct
2021 Dune
100%
2025 Marty Supreme
89%
2023 Wonka
86%
2017 Call Me By Your Name
82%
2014 Interstellar
71%
2024 A Complete Unknown
68%
2017 Lady Bird
68%
2018 Beautiful Boy
64%
2026 Dune: Part Three
64%
2024 Dune: Part Two
64%
2019 The King
64%
2022 Bones and All
61%
2019 Little Women
61%
2021 Don't Look Up
50%
2019 A Rainy Day in New York
43%
2021 The French Dispatch
39%
2017 Hot Summer Nights
25%
2016 Miss Stevens
14%
2022 Entergalactic
11%
2017 Hostiles
11%
2009 Loving Leah
11%
2014 Men, Woman and Children
11%
2015 One & Two
11%
TBD Wonka 2
11%
2015 The Adderall Diaries
7%
2014 Worst Friends
7%
2013 Burning Blue
4%
2015 Love the Coopers
4%
No matching quizzes found
Score Distribution
Percent of People with Each Score
Percentile by Number Answered
Your Score History
You have not taken this quiz since the last reset